|
|
|
|
| LEADER |
01251nam a2200241 a 4500 |
| 001 |
GR-MES42 |
| 008 |
991111s1982 xxk 000 b eng d |
| 020 |
|
|
|a 063200892X
|
| 040 |
|
|
|a GrPaTEI
|b gre
|c GR-PaULI
|
| 245 |
0 |
0 |
|a An introduction to marine ecology.
|
| 260 |
|
|
|a Oxford :
|b Blackwell Scientific Publications,
|c 1982 c1982
|
| 300 |
|
|
|a viii, 339σελ. :
|b πιν.,φωτ.
|
| 504 |
|
|
|a Βιβλιογραφία : σελ.313-321
|
| 650 |
|
0 |
|a OΙΚΟΛΟΓΙΑ
|
| 650 |
|
4 |
|a ΘΑΛΑΣΣΑ
|
| 700 |
1 |
|
|a Barnes, R. S.
|
| 700 |
1 |
|
|a Hughens, R. N.
|
| 942 |
|
|
|2 ddc
|
| 952 |
|
|
|0 0
|1 0
|2 ddc
|4 0
|6 574_526000000000000_36_BAR
|7 0
|9 263289
|a MSLG
|b MSLG
|c BSC
|d 2021-01-17
|e 24
|f 0
|g 0.00
|l 0
|o 574.526 36 BAR
|p 2420000000009
|r 2021-01-17 00:00:00
|t 1
|w 2021-01-17
|y BK15
|x 19991111 0 1
|x GrPaTEI
|
| 952 |
|
|
|0 0
|1 0
|2 ddc
|4 0
|6 574_526000000000000_36_BAR
|7 0
|9 263290
|a MSLG
|b MSLG
|c BSC
|d 2021-01-17
|e 24
|f 0
|g 0.00
|l 0
|o 574.526 36 BAR
|p 2420000001014
|r 2021-01-17 00:00:00
|t 1
|w 2021-01-17
|y BK15
|x 19991111 0 1
|x GrPaTEI
|
| 952 |
|
|
|0 0
|1 0
|2 ddc
|4 0
|6 574_526000000000000_36_BAR
|7 0
|9 263291
|a MSLG
|b MSLG
|c BSC
|d 2021-01-17
|e 24
|f 0
|g 0.00
|l 0
|o 574.526 36 BAR
|p 2420000006253
|r 2021-01-17 00:00:00
|t 1
|w 2021-01-17
|y BK15
|x 19991111 0 1
|x GrPaTEI
|
| 971 |
|
|
|a .b25710837
|b 15-04-20
|c 13-09-16
|
| 999 |
|
|
|c 151538
|d 151538
|